000 00507nam a22001937a 4500
999 _c3112
_d3112
003 OSt
005 20231013132538.0
008 231013b ||||| |||| 00| 0 eng d
020 _a9780435242589
040 _cKH8
082 _a428.24 GRE
100 _aKay, Sue,
_eauthor.
245 _aReward-Pre-Intermed /
_cSue Kay
260 _aOcford ;
_bMacmillan Education.
300 _c8.5 x 0.28 x 11.65 inches.
650 _aEnglish language
_vSecond language
650 _aForeign language
942 _2ddc
_cTR